| 000 | 00550nam a22002177a 4500 | ||
|---|---|---|---|
| 005 | 20251108170735.0 | ||
| 008 | 250721s1998 xx 000 0 eng d | ||
| 082 | 1 | 4 | _a620.1/MER |
| 100 | 1 | _aMeriam, J. L. | |
| 245 | 1 | 0 |
_aEngineering mechanics : _bStatics / |
| 250 | _a4rd ed. | ||
| 264 | 1 |
_aNew York : _bJohn Wiley & Sons Inc., _c1998. |
|
| 300 | _a2vol. | ||
| 650 | 1 | 7 | _aApplied mechanics |
| 650 | 1 | 7 | _aStatics |
| 650 | 1 | 7 | _aMechanical engineering |
| 650 | 1 | 7 | _aDynamics |
| 700 | 1 | _aKraige, L. G. | |
| 942 |
_2ddc _cBK |
||
| 999 |
_c47870 _d47870 |
||